GPS helps coastal monitoring (Record no. 117702)

MARC details
000 -LEADER
fixed length control field 01144cam a2200241 4500
001 - CONTROL NUMBER
control field ABS68030
008 - FIXED-LENGTH DATA ELEMENTS--GENERAL INFORMATION
fixed length control field 040715n2004 000 0 eng u
035 ## - SYSTEM CONTROL NUMBER
System control number (Sirsi) u126786
100 ## - MAIN ENTRY--PERSONAL NAME
Personal name McVey, S.
245 ## - TITLE STATEMENT
Title GPS helps coastal monitoring
260 ## - PUBLICATION, DISTRIBUTION, ETC.
Date of publication, distribution, etc. 2004
490 ## - SERIES STATEMENT
Series statement Geomatics World
Volume/sequential designation 12(4) May/June 2004, 9(1)
520 ## - SUMMARY, ETC.
Summary, etc. Over the years England's southeast coast has been under assault from waves, flooding, storms and high winds and challenging both the budgets and the resources of local authority coastal managers. These local authorities have now joined forces to work together as part of the Southeast Regional Coastal Monitoring programme. As a likely pilot for other areas of Britain's vulnerable coastline, the programme aims to provide the Environment Agency, coastal groups and researchers with a single source of data on open coastline between Weymouth and the Isle of Grain.
590 ## - LOCAL NOTE (RLIN)
Local note ABS
590 ## - LOCAL NOTE (RLIN)
Local note ABS
650 ## - SUBJECT ADDED ENTRY--TOPICAL TERM
Topical term or geographic name entry element COASTAL PROTECTION
650 ## - SUBJECT ADDED ENTRY--TOPICAL TERM
Topical term or geographic name entry element COASTAL DEFENCES
650 ## - SUBJECT ADDED ENTRY--TOPICAL TERM
Topical term or geographic name entry element SURVEYING
650 ## - SUBJECT ADDED ENTRY--TOPICAL TERM
Topical term or geographic name entry element COASTAL MANAGEMENT
650 ## - SUBJECT ADDED ENTRY--TOPICAL TERM
Topical term or geographic name entry element COASTAL EROSION
690 ## - LOCAL SUBJECT ADDED ENTRY--TOPICAL TERM (OCLC, RLIN)
Topical term or geographic name as entry element GEOMATICS-GPS
942 ## - ADDED ENTRY ELEMENTS (KOHA)
Suppress in OPAC 0
Holdings
Withdrawn status Lost status Source of classification or shelving scheme Damaged status Not for loan Home library Current library Shelving location Date acquired Total Checkouts Full call number Barcode Date last seen Copy number Price effective from Koha item type
    Dewey Decimal Classification     London London Journal article 15/07/2004   ABS68030 126786-1001 06/08/2019 1 06/08/2019 Journal article